Distintivo empresarial en materia de igualdad (Registro nro. 41388)
[ vista simple ]
| 000 -CABECERA | |
|---|---|
| Longitud fija campo de control | 01176naa a2200313 c 4500 |
| 001 - NÚMERO DE CONTROL | |
| Número de control | 41388 |
| 003 - IDENTIFICADOR DE NÚMERO DE CONTROL | |
| Identificador del número de control | ES-MaCES |
| 005 - FECHA Y HORA DE LA ÚLTIMA TRANSACCIÓN | |
| Fecha y hora de la última transacción | 20110308142300.0 |
| 008 - CAMPO FIJO DE DESCRIPCIÓN FIJA--INFORMACIÓN GENERAL | |
| Códigos de información de longitud fija | 110308n2010 sp t 000 | spa d |
| 035 ## - NÚMERO DE CONTROL DEL SISTEMA | |
| Número de control del sistema | CES20110002800v |
| 040 ## - FUENTE DE CATALOGACIÓN | |
| Centro catalogador de origen | ES-MaCES |
| Lengua de catalogación | spa |
| Centro transcriptor | ES-MaCES |
| 100 1# - ENCABEZAMIENTO PRINCIPAL--NOMBRE PERSONAL | |
| Nombre de persona | Sánchez Trigueros, Carmen |
| 9 (RLIN) | 23349 |
| 245 10 - MENCIÓN DE TÍTULO | |
| Título | Distintivo empresarial en materia de igualdad |
| Mención de responsabilidad, etc. | Carmen Sánchez Trigueros, Ana Isabel Pérez Campos |
| 650 #4 - ASIENTO SECUNDARIO DE MATERIA--TÉRMINO DE MATERIA | |
| Término de materia o nombre geográfico como elemento inicial | procedimiento administrativo |
| 9 (RLIN) | 30919 |
| 650 #4 - ASIENTO SECUNDARIO DE MATERIA--TÉRMINO DE MATERIA | |
| Término de materia o nombre geográfico como elemento inicial | legislación del trabajo |
| 9 (RLIN) | 27166 |
| 650 #4 - ASIENTO SECUNDARIO DE MATERIA--TÉRMINO DE MATERIA | |
| Término de materia o nombre geográfico como elemento inicial | inserción profesional |
| 9 (RLIN) | 29942 |
| 650 #4 - ASIENTO SECUNDARIO DE MATERIA--TÉRMINO DE MATERIA | |
| Término de materia o nombre geográfico como elemento inicial | metodología |
| 9 (RLIN) | 28842 |
| 650 #4 - ASIENTO SECUNDARIO DE MATERIA--TÉRMINO DE MATERIA | |
| Término de materia o nombre geográfico como elemento inicial | selección |
| 9 (RLIN) | 30039 |
| 650 #4 - ASIENTO SECUNDARIO DE MATERIA--TÉRMINO DE MATERIA | |
| Término de materia o nombre geográfico como elemento inicial | igualdad de oportunidades en el empleo |
| 9 (RLIN) | 30649 |
| 650 #4 - ASIENTO SECUNDARIO DE MATERIA--TÉRMINO DE MATERIA | |
| Término de materia o nombre geográfico como elemento inicial | planificación en función del género |
| 9 (RLIN) | 30645 |
| 650 #4 - ASIENTO SECUNDARIO DE MATERIA--TÉRMINO DE MATERIA | |
| Término de materia o nombre geográfico como elemento inicial | contratación |
| 9 (RLIN) | 28323 |
| 650 #4 - ASIENTO SECUNDARIO DE MATERIA--TÉRMINO DE MATERIA | |
| Término de materia o nombre geográfico como elemento inicial | política de personal |
| 9 (RLIN) | 29817 |
| 653 10 - TÉRMINO DE INDEXACIÓN--NO CONTROLADO | |
| Término no controlado | Jurisprudencia |
| 700 1# - ENCABEZAMIENTO SECUNDARIO--NOMBRE PERSONAL | |
| Nombre de persona | Pérez Campos, Ana Isabel |
| 9 (RLIN) | 20729 |
| 773 0# - ENTRADA DE DOCUMENTO FUENTE | |
| Título | Revista española de Derecho del trabajo |
| Parte(s) relacionada(s) | n. 148 (oct.-dic. 2010){10040 R. 078066}; p. 845-871 |
| Número de control del registro relacionado | (ES-MaCES)25060 |
| Itemnumber del ítem fuente | 32391 |
| 902 ## - CES. TIPO DE DOCUMENTO | |
| Tipodoc (006$c Sirtex) | ART Artículo de revista |
| 942 ## - ELEMENTOS KOHA | |
| Fuente de clasificaión o esquema | Clasificación propia del CES |
| Koha [por defecto] tipo de item | Artículos (1982-2017) |
| Parte de clasificación | 6.2. |
No hay ítems disponibles.
